| 000 | 00992nam a2200325Ia 4500 | ||
|---|---|---|---|
| 001 | Para_8792 | ||
| 003 | CHAP | ||
| 008 | 220125s2001 xx 000 0 und d | ||
| 010 | _a207512 | ||
| 040 | _cCHAP | ||
| 090 | _aCD 7 | ||
| 110 |
_aAmerican Phytopathological _9174103 |
||
| 245 |
_aDiseases of tropical fruits, citrus and sugarcane [disco compacto] / _c by APS |
||
| 260 |
_aSt. Paul, Minn. : _b APS Press |
||
| 300 | _a1 CD | ||
| 650 |
_aCaña de azúcar _x enfermedades _918598 |
||
| 650 |
_aCítricos _x enfermedades _924423 |
||
| 650 |
_aCoco _x enfermedades _924241 |
||
| 650 |
_aCultivos tropicales _x enfermedades _930387 |
||
| 650 |
_aPapaya _x enfermedades _985333 |
||
| 650 | 7 |
_aPiña (Ananas comosus) _xEnfermedades _2 _988396 |
|
| 650 |
_aPlátano _x enfermedades _989231 |
||
| 901 | _aCD 7 | ||
| 902 | _aA | ||
| 905 | _a0000002001 dl 0000000000 00 | ||
| 910 | _a2001 | ||
| 942 | _cPARA | ||
| 942 |
_cPARA _d1 |
||
| 999 |
_c207512 _d207512 |
||